Cómo hacer tu primer trabajo de investigación: Guía para investigadores en educación y ciencias sociales
Zapisane w:
| 1. autor: | |
|---|---|
| Format: | Książka |
| Język: | hiszpański |
| Wydane: |
Barcelona
Gedisa
2002
|
| Wydanie: | 1a. ed |
| Seria: | Biblioteca de Educación. Herramientas Universitarias, 9
|
| Hasła przedmiotowe: | |
| Etykiety: |
Dodaj etykietę
Nie ma etykietki, Dołącz pierwszą etykiete!
|
MARC
| LEADER | 00000nam a2200000 a 4500 | ||
|---|---|---|---|
| 001 | UCK4422 | ||
| 003 | CL-VaPUC | ||
| 008 | 050603e20020200SP |||||||||||||||||spa|d | ||
| 020 | |a 8474329310 | ||
| 082 | 0 | 4 | |a 001.42 |b BEL |2 21 |
| 100 | 0 | |a Bell, Judith |e author |9 492952 | |
| 245 | 1 | 0 | |a Cómo hacer tu primer trabajo de investigación: Guía para investigadores en educación y ciencias sociales |
| 250 | |a 1a. ed | ||
| 300 | |a 250 p | ||
| 942 | |c BK | ||
| 945 | |d 20050603 00:00:00 |a jcarroza | ||
| 260 | |a Barcelona |b Gedisa |c 2002 | ||
| 650 | 7 | |a TRABAJOS DE INVESTIGACION |2 CL-VaPUC |9 469747 | |
| 650 | 7 | |a REDACCION DE INFORMES |2 CL-VaPUC |9 492953 | |
| 650 | 0 | |a Métodos de investigación |9 262618 | |
| 650 | 0 | |a Ciencias sociales |v Investigación |9 307767 | |
| 583 | |a last modification |c 20050603 00:00:00 |k Rodrigo Vera | ||
| 490 | 0 | |a Biblioteca de Educación. Herramientas Universitarias, 9 | |
| 999 | |c 313298 |d 313296 | ||
| 952 | |0 0 |1 0 |4 0 |6 001_420000000000000_BEL_2002 |7 0 |8 A |9 384557 |a BIBTEO |b BIBTEO |d 2019-11-22 |i 413544K |l 2 |o 001.42 BEL 2002 |p 413544K |r 2025-04-30 |s 2025-04-17 |w 2019-11-22 |y BK |k ICR | ||
| 952 | |0 0 |1 0 |4 0 |6 001_420000000000000_BEL_2002 |7 0 |8 A |9 384558 |a BIBMAT |b BIBMAT |c E_DIDACT |d 2019-11-22 |i 4450469 |l 2 |o 001.42 BEL 2002 |p 4450469 |r 2025-01-07 |s 2020-10-23 |w 2019-11-22 |y BK |k MAT | ||
| 952 | |0 0 |1 0 |4 0 |6 001_420000000000000_BEL_2002 |7 0 |8 A |9 384559 |a BIBMAT |b BIBMAT |d 2019-11-22 |i 4450477 |o 001.42 BEL 2002 |p 4450477 |r 2025-01-07 |w 2019-11-22 |y BK |k MAT | ||
| 952 | |0 0 |1 0 |4 0 |6 001_420000000000000_BEL_2002 |7 0 |8 P |9 384561 |a BIBARQ |b BIBARQ |d 2019-11-22 |i 4529588 |o 001.42 BEL 2002 |p 4529588 |r 2025-01-20 |w 2019-11-22 |y BK |k ARQ | ||